000 00698nam a22002297a 4500
999 _c9332
_d9332
003 AR-CdUCM
008 190327b ||||| |||| 00| 0 spa d
040 _aMUNICIPALIDAD PROVINCIAL DEL CUSCO
_cBIBLIOTECA MUNICIPAL DEL CUSCO
082 _a869.6 /
_bN38
100 _aNelson, Julio
_925460
245 _aCaminos a la montaña /
260 _aLima :
_bLa escena contemporanea,
_bAmaru editores,
_c1982.
300 _a63 paginas ;
_c21 cm.
500 _aDonacion de la familia Nieto Dedicatoria a Luis Nieto
505 _aContenido: poesias
650 _aPoesias
_95433
650 _aLiteratura
_983
650 _aHistoria
_9136
650 _aPerú
_935
942 _2ddc
_cLIBROS
945 _apjha